000 00509nmm a2200181Ia 4500
008 251105s9999||||xx |||||||||||||||||und||
020 _a9788499186214
041 _aspa
100 _aMaksik, Alexander
245 0 _aPara medir la marea
264 _a[Madrid, España] :
_bRoca Editorial,
_c2013
300 _a166 páginas
650 _aNorth American narrative
700 _aMaksik, Alexander
700 1 _a Del Rey, Santiago
856 _uhttps://public.digitaliapublishing.com/a/34493
942 _cCF
999 _c68199
_d68199